Score 0/20 Timer 05:00
0 Plays Today
Crimes Villain % Correct
Dognapping, Witchcraft, Trafficking in Flying MonkeysWicked Witch of the West
86.1%
Planetcide, Carrying a Concealed Lightsaber, Force ChokingDarth Vader
75.6%
Attempted Taxidermy, Reckless Operation of a Coupe Deville, Menacing DalmatiansCruella de Vil
68%
Menacing Tokyo, Leaving the Scene of Destruction, Inducing Japanese PanicGodzilla
63.4%
Patricide, Casting Unforgivable Curses, Flying without a BroomstickLord Voldemort
63.3%
Identity Theft, Tampering with Evidence, Misuse of a Knife in a ShowerNorman Bates
59.3%
Murder, Abuse of a Corpse, Drinking Chianti with Fava BeansHannibal Lecter
56.6%
Boat Vandalism, Scuba Tank Theft, Devouring of a Sea CaptainThe Shark
51.4%
Hobbit Stalking, Giant Spider Baiting, Mandibular AmputationGollum
48.4%
Escape, Attempted detonation of San Andreas Fault, Theft of Kryptonian MeteoriteLex Luthor
42.8%
Crimes Villain % Correct
Blackmail, Mutating Sea Bass, Extortion of One Million DollarsDr. Evil
39.2%
Electrocution, Murder by Laughter, Dancing with the DevilThe Joker
38.5%
Piracy, Mutiny on the Black Pearl, Theft of Cursed gold from CortezCaptain Barbossa
33.3%
Disruption of Public Telephone Service, Safecracking, Nakatomi TerrorismHans Gruber
21.9%
Unauthorized Lip Reading, Cutting off Life Support, Failing to Follow ProgrammingHAL 9000
20.9%
AssimilationThe Borg
19.6%
Abduction, Corrupting another with Drugs, Breaking ankles with a SledgehammerAnnie Wilkes
11.8%
Perjury, Falisification of Documents, Ordering a Code RedCol. Nathan R. Jessep
11.6%
Hiring Thugs, Cancelling Christmas, Cutting out Hearts with a SpoonSheriff of Nottingham
10.9%
Espionage, Dereliction of (Holy) Duty, Conspiracy to Assassinate King LouisCardinal Richelieu
8.7%

You're not logged in!

Compare scores with friends on all Sporcle quizzes.
OR
Log In

Sporcle TV

Today on Sporcle TV


Watch our educational content, quiz creation guides, and fun videos on Sporcle TV.

Show Comments

Extras

Top Quizzes Today


Score Distribution

Paid Content

Your Account Isn't Verified!

In order to create a playlist on Sporcle, you need to verify the email address you used during registration. Go to your Sporcle Settings to finish the process.

Report this User

Report this user for behavior that violates our Community Guidelines.

Details: